JRバス(一般路線バス)の通っている市町村 - Statistics

General Stats
  • This quiz has been taken 76 times
    75 since last reset
  • The average score is 39 of 98
Answer Stats
会社名 エリア Answer % Correct
ジェイ・アール北海道バス 札幌 札幌市
86%
深川 深川市
75%
ジェイアールバス東北 青森 青森市
72%
小樽市
71%
岩手 盛岡市
69%
白河市
62%
宇都宮市
62%
西日本ジェイアールバス 石川 金沢市
62%
京都 京都市
60%
中国ジェイアールバス 広島 広島市
60%
北広島市
58%
日高 日高郡新ひだか町
58%
福島 福島市
58%
江別市
57%
幌泉郡えりも町
57%
二戸市
57%
八戸市
54%
つくば市
54%
山口市
54%
福岡市
54%
様似郡様似町
52%
十和田市
52%
茨城 土浦市
52%
鹿児島 鹿児島市
52%
千葉 成田市
51%
愛媛 松山市
51%
北佐久郡軽井沢町
49%
福井 小浜市
49%
広尾郡広尾町
48%
萩市
46%
浦河郡浦河町
45%
吾妻郡草津町
45%
上田市
45%
福知山市
45%
名寄市
43%
久慈市
43%
栃木 那須塩原市
43%
佐久市
42%
二戸郡一戸町
40%
群馬 吾妻郡長野原町
40%
嬉野市
40%
東白川郡棚倉町
38%
小諸市
38%
呉市
38%
雨竜郡幌加内町
37%
芳賀郡芳賀町
37%
高島市
37%
南丹市
37%
空知郡南幌町
35%
滝沢市
35%
岩手郡岩手町
35%
ジェイアールバス関東 福島 西白河郡西郷村
35%
防府市
35%
上浮穴郡久万高原町
35%
佐賀 武雄市
35%
芳賀郡茂木町
34%
東京 千代田区
34%
茅野市
34%
東広島市
34%
美祢市
34%
夕張郡長沼町
32%
古河市
32%
三方上中郡若狭町
32%
JR九州バス 福岡 直方市
32%
岩手郡葛巻町
31%
九戸郡軽米町
31%
下閉伊郡岩泉町
31%
館山市
31%
長野 安中市
31%
船井郡京丹波町
31%
光市
31%
上北郡六戸町
29%
ジェイアールバス関東 千葉 香取市
29%
むつ市
28%
芳賀郡市貝町
28%
牛久市
28%
香取郡多古町
28%
江東区
28%
伊那市
28%
薩摩川内市
28%
稲敷市
26%
山口 下松市
26%
伊予郡砥部町
26%
稲敷郡阿見町
25%
稲敷郡美浦村
25%
ジェイアール四国バス 高知 香美市
25%
宮若市
25%
伊達郡川俣町
23%
山武郡芝山町
23%
南房総市
23%
糟屋郡粕屋町
23%
匝瑳市
18%
小県郡長和町
18%
吾妻郡嬬恋村
17%
東彼杵郡東彼杵町
17%
薩摩郡さつま町
17%
福津市
15%
糟屋郡久山町
14%
No matching quizzes found
Score Distribution
Percent of People with Each Score
Percentile by Number Answered
Your Score History
You have not taken this quiz since the last reset